Needlepoint : (Record no. 1282)

MARC details
000 -LEADER
fixed length control field 005550000a22002050004500
003 - CONTROL NUMBER IDENTIFIER
control field LK-CoMWRAF
008 - FIXED-LENGTH DATA ELEMENTS--GENERAL INFORMATION
fixed length control field 230817t ||||| |||| 00| 0 eng d
020 ## - INTERNATIONAL STANDARD BOOK NUMBER
International Standard Book Number 1899988904
040 ## - CATALOGING SOURCE
Original cataloging agency LK-CoMWRAF
Modifying agency LK-CoMWRAF
Description conventions LK-CoMWRAF
041 ## - LANGUAGE CODE
Language code of text/sound track or separate title English
082 ## - DEWEY DECIMAL CLASSIFICATION NUMBER
Classification number 800
Item number ELD
942 ## - ADDED ENTRY ELEMENTS (KOHA)
Koha item type Books
100 ## - MAIN ENTRY--PERSONAL NAME
Personal name Elder, Karen
700 ## - ADDED ENTRY--PERSONAL NAME
Personal name Tubbs,, Gabi
Relator Term editor
245 ## - TITLE STATEMENT
Title Needlepoint :
Remainder of title Projects,Techniques,Motifs
260 ## - PUBLICATION, DISTRIBUTION, ETC. (IMPRINT)
Name of publisher, distributor, etc. Quadrille Publishing
Place of publication, distribution, etc. London
Date of publication, distribution, etc. 1996
300 ## - PHYSICAL DESCRIPTION
Extent p.112
490 ## - SERIES STATEMENT
Series statement Country Living Needlework Collection
650 ## - SUBJECT ADDED ENTRY--TOPICAL TERM
Topical term or geographic name as entry element Training Materials
Holdings
Withdrawn status Lost status Damaged status Not for loan Permanent Location Current Location Date acquired Full call number Barcode Koha item type
        Resource center, Muslim Women's Research And Action Forum Resource center, Muslim Women's Research And Action Forum 2023-08-17 800 ELD RAF4195 Books

Copyright © 2023 Muslim Women's Research and Action Forum (MWRAF), No 27/3, Anderson Road, Kalubowila, Dehiwela. Funded by The Asia Fundation